[Event "Marianske Lazne IM 2013"]
[Site "Marianske Lazne CZE"]
[Date "2013.01.20"]
[Round "3.5"]
[White "Pacher,M"]
[Black "Jurek,J"]
[Result "1-0"]
[WhiteElo "2436"]
[BlackElo "2325"]

1.d4 Nf6 2.c4 e6 3.Nf3 b6 4.g3 Ba6 5.Qc2 c5 6.d5 Bb7 7.Bg2 exd5 8.cxd5 Nxd5
9.O-O Be7 10.Qe4 Bc6 11.Ne5 Nf6 12.Nxc6 Nxc6 13.Qd3 O-O 14.Nc3 Rc8 15.Rd1 Re8
16.Qa6 h6 17.Bf4 Bf8 18.Rd2 g5 19.Bd6 Bxd6 20.Rxd6 Qe7 21.Rd2 d5 22.Qa4 Nb4
23.a3 d4 24.axb4 dxc3 25.bxc3 cxb4 26.cxb4 Rc4 27.Qxa7 Qxa7 28.Rxa7 Rxb4
29.Bd5 Nxd5 30.Rxd5 Rxe2 31.Rf5 Re6 32.Rfxf7 Rg6 33.Rfc7 Kh8 34.Rab7 b5 35.Rc8+ Rg8
36.Rc6 Rg7 37.Rxh6+ Kg8 38.Rb8+ Kf7 39.Rhb6 Rb2 40.Rxb5 Rxb5 41.Rxb5 Kf6
42.Kg2 Ra7 43.Rb4  1-0

[Event "5th Chennai Open 2013"]
[Site "Chennai IND"]
[Date "2013.01.21"]
[Round "9"]
[White "Raghunandan,K"]
[Black "Arun,Ka"]
[Result "0-1"]
[WhiteElo "2051"]
[BlackElo "2303"]

1.d4 Nf6 2.c4 e6 3.Nf3 b6 4.g3 Ba6 5.Qc2 Bb7 6.Bg2 c5 7.d5 exd5 8.cxd5 Bxd5
9.Nc3 Bc6 10.e4 Be7 11.Bf4 Na6 12.O-O-O Nb4 13.Qe2 O-O 14.a3 Qc8 15.Kb1 Na6
16.Ne5 Bb7 17.Bh3 Nb8 18.g4 d6 19.Nc4 Ba6 20.Nd5 Nc6 21.Qc2 Nxd5 22.Rxd5 Nd4
23.Qd3 Qe6 24.Re1 Bh4 25.Bg3 Bxg3 26.hxg3 Rfe8 27.Qc3 Bxc4 28.Qxc4 b5 29.Qc3 a5
30.Bg2 b4 31.Qc4 bxa3 32.bxa3 Rab8+ 33.Ka2 Rb6 34.Rb1 Rxb1 35.Kxb1 Qxg4 36.Rxd6 Qd1+
37.Ka2 Qd2+  0-1

[Event "Dvorkovich Mem 2013"]
[Site "Taganrog RUS"]
[Date "2013.01.23"]
[Round "9.17"]
[White "Pushkov,N"]
[Black "Martynov,Roman"]
[Result "0-1"]
[WhiteElo "2374"]
[BlackElo "2279"]

1.Nf3 Nf6 2.c4 e6 3.d4 b6 4.g3 Ba6 5.Qa4 Bb7 6.Bg2 c5 7.dxc5 Bxc5 8.Nc3 O-O
9.O-O a6 10.Bf4 Be7 11.Rfd1 d6 12.Rac1 Qc7 13.Qc2 Rd8 14.b3 Nbd7 15.e4 Ne5
16.Qe2 h6 17.h3 Rac8 18.Nd4 Qb8 19.Be3 Ned7 20.Rc2 Re8 21.f4 Bf8 22.Bf2 g6
23.Nf3 b5 24.cxb5 axb5 25.Nxb5 Rxc2 26.Qxc2 Bxe4 27.Qe2 e5 28.fxe5 dxe5 29.Nc3 Bb7
30.Nd2 e4 31.Nc4 Nc5 32.Bd4 Nh5 33.Qe3 Qxg3 34.Na5 Ba8 35.Ne2 Qc7 36.Nc4 Bb7
37.Kh1 Ba6 38.Rf1 Bxc4 39.bxc4 Ra8 40.a3 f5 41.Bb2 Kh7 42.Rd1 Rb8 43.Qc3 Bg7  0-1

[Event "Dvorkovich Mem 2013"]
[Site "Taganrog RUS"]
[Date "2013.01.23"]
[Round "9.23"]
[White "Bykova,Anastasia"]
[Black "Mandrikin,I"]
[Result "0-1"]
[WhiteElo "2025"]
[BlackElo "2273"]

1.d4 Nf6 2.Nf3 e6 3.c4 b6 4.g3 Ba6 5.Qc2 Bb7 6.Bg2 Be4 7.Qd1 Bb4+ 8.Bd2 Qe7
9.Nc3 Bxc3 10.Bxc3 O-O 11.O-O d6 12.a4 Nbd7 13.Nd2 Bxg2 14.Kxg2 c5 15.a5 d5
16.Qa4 Rfc8 17.Rfc1 h6 18.Kg1 cxd4 19.Bxd4 e5 20.Bc3 d4 21.Bb4 Qe6 22.axb6 axb6
23.Qxa8 Rxa8 24.Rxa8+ Kh7 25.Ra3 e4 26.Nf1 Ne5 27.c5 d3 28.exd3 bxc5 29.Bxc5 Nxd3
30.Rc2 Qh3 31.Ra1 Ne5 32.f3 exf3 33.Rd1 Ne4 34.b4 Ng4 35.Bd4 Nef2 36.Rxf2 Nxf2  0-1

[Event "15th Nord-West Cup"]
[Site "Bad Zwischenahn GER"]
[Date "2013.01.26"]
[Round "4.1"]
[White "Meins,G"]
[Black "Miezis,N"]
[Result "1-0"]
[WhiteElo "2469"]
[BlackElo "2589"]

1.d4 e6 2.c4 Nf6 3.Nf3 b6 4.g3 Ba6 5.Qc2 Bb7 6.Bg2 c5 7.d5 exd5 8.cxd5 Bxd5
9.Nc3 Be6 10.Ne5 Na6 11.Bg5 Be7 12.O-O-O O-O 13.Nc6 Qe8 14.Nxe7+ Qxe7 15.Bxa8 Rxa8
16.Qd3 Nb4 17.Qf3 Re8 18.a3 Nc6 19.Ne4 Nd4 20.Bxf6 gxf6 21.Nxf6+ Kf8 22.Rxd4 cxd4
23.Nxe8 Qc5+ 24.Kb1 Kxe8 25.Rd1 Bf5+ 26.Ka1 Qc2 27.Rg1 Ke7 28.g4 Be6 29.Qd3 Qc5
30.h3 Qd5 31.b3 a5 32.a4 h5 33.Kb2 hxg4 34.hxg4 Qe5 35.f3 Qc5 36.Rc1 Qd6
37.e3 dxe3 38.Qxe3 f6 39.f4 Kd8 40.f5 Bf7 41.Rc2 b5 42.Qc5 Qxc5 43.Rxc5 bxa4
44.bxa4 Ke7 45.Kc3 Kd6 46.Rxa5 Bd5 47.Rxd5+ Kxd5 48.a5  1-0

[Event "1st Maksym Yusupov Mem"]
[Site "Lviv UKR"]
[Date "2013.02.04"]
[Round "8.5"]
[White "Melnichuk,M"]
[Black "Soroka,Danylo"]
[Result "1-0"]
[WhiteElo "2354"]
[BlackElo "2125"]

1.Nf3 Nf6 2.d4 e6 3.c4 b6 4.g3 Ba6 5.Qa4 Bb7 6.Bg2 c5 7.dxc5 Bxc5 8.O-O O-O
9.Nc3 d5 10.Rd1 Qc8 11.cxd5 Nxd5 12.Nxd5 Bxd5 13.Qh4 Nd7 14.b4 Bd6 15.e4 Ne5
16.exd5 Nxf3+ 17.Bxf3 Qc3 18.Be3  1-0

[Event "35th Georgi Tringov Open"]
[Site "Plovdiv BUL"]
[Date "2013.02.05"]
[Round "3.2"]
[White "Mladenovic,St"]
[Black "Parligras,M"]
[Result "0-1"]
[WhiteElo "2307"]
[BlackElo "2633"]

1.d4 Nf6 2.Nf3 e6 3.c4 b6 4.g3 Ba6 5.Qc2 Bb7 6.Bg2 c5 7.d5 exd5 8.cxd5 Nxd5
9.O-O Be7 10.Qe4 Bc6 11.Ne5 Nf6 12.Nxc6 Nxc6 13.Qa4 O-O 14.Rd1 Qc8 15.Nc3 a6
16.Bg5 Nd4 17.Rxd4 cxd4 18.Qxd4 d5 19.Nxd5 Nxd5 20.Qxd5 Bxg5 21.Qxg5 Ra7
22.Qe3 Qd8 23.Qb3 Rd7 24.Be4 a5 25.Bd3 Rd4 26.Rc1 Qf6 27.Rc3 h5 28.h4 Rb4
29.Qd5 Rd8 30.Qxh5 g6 31.Qg5 Qxg5 32.hxg5 Rxb2 33.a4 Rd5 34.f4 Rc5 35.Ra3 Kf8
36.Kf2 Ke7 37.g4 Rd5 38.Kf3 Rd4 39.e3 Rdb4 40.Ra1 R4b3 41.Ba6 Rb1 42.Ra2 Rh1
43.Re2 Rh3+ 44.Ke4 Rb4+ 45.Kd5 Rxa4 46.Kc6 Rb4 47.f5 a4 48.f6+ Ke6 49.Rd2 Rxe3
50.Rd8 Rc3+ 51.Kb7 a3 52.Be2 a2 53.Ra8 Rb2 54.Bd1 Ke5 55.Ra5+ b5  0-1

[Event "TCh-FIN SM 2012-13"]
[Site "Joensuu FIN"]
[Date "2013.02.09"]
[Round "10.5"]
[White "Issakainen,A"]
[Black "Saastamoinen,A"]
[Result "1-0"]
[WhiteElo "2212"]
[BlackElo "2135"]

1.d4 Nf6 2.c4 e6 3.Nf3 b6 4.g3 Ba6 5.Nbd2 Bb7 6.Bg2 Be7 7.O-O O-O 8.Qc2 d5
9.Ne5 c5 10.cxd5 Nxd5 11.dxc5 Bxc5 12.Ne4 Be7 13.Rd1 h6 14.Bf4 Qe8 15.Nc3 Nb4
16.Qb3 Bxg2 17.Kxg2 N4c6 18.Nc4 Na5 19.Nxa5 bxa5 20.Rac1 Na6 21.Qc4 Nc5 22.Nb5 Qc6+
23.f3 Rfc8 24.Nd6 Rc7 25.Ne4 Rcc8 26.Be3 Rab8 27.Bxc5 Rxb2 28.Bd4 Qxc4 29.Rxc4 Rxe2+
30.Kf1 Rxc4 31.Kxe2 f5 32.Nc3 Bb4 33.Kd3 Rc7 34.Be5 Rb7 35.Kc4 g5 36.Rd8+ Kf7
37.Rh8 Kg6 38.Rg8+ Kh7 39.Re8 Rb6 40.Rh8+ Kg6 41.Rg8+ Kh5 42.Ne2 Bd6 43.Bd4 Rb1
44.Re8  1-0

[Event "35th Georgi Tringov Open"]
[Site "Plovdiv BUL"]
[Date "2013.02.09"]
[Round "8.19"]
[White "Salimova,Nurgyul"]
[Black "Mladenovic,St"]
[Result "1/2-1/2"]
[WhiteElo "1780"]
[BlackElo "2307"]

1.d4 Nf6 2.c4 e6 3.Nf3 b6 4.g3 Ba6 5.Qa4 Bb7 6.Bg2 c5 7.dxc5 Bxc5 8.O-O O-O
9.Bf4 Na6 10.Nc3 Be7 11.Rfd1 Nc5 12.Qc2 Qc8 13.Rac1 d5 14.cxd5 Nxd5 15.Nxd5 Bxd5
16.b4 Ne4 17.Qb2 Qa6 18.a3 Rac8 19.Be5 Nf6 20.h3 Qa4 21.Nd4 Bxg2 22.Kxg2 a5
23.Nc2 axb4 24.axb4 Rc4 25.b5 Rfc8 26.Nd4 Rxc1 27.Rxc1 Rxc1 28.Qxc1 Bc5 29.Qf4 Nd7
30.Nc6 Qxb5 31.Nd8 Nxe5 32.Qxe5 Qd7 33.Qb8 Bd6 34.Qa8 Qe8 35.Qc8 Be7 36.Nc6 Kf8
37.Nxe7 Kxe7 38.Qc7+ Qd7 39.Qxb6 Qd5+ 40.f3 g6 41.Qc7+ Kf8 42.Qc8+ Kg7 43.Qc3+ e5
44.h4 h5 45.Qb2 Kh7 46.Qc2 Qd4 47.Qc7 Kg7 48.Qc2 Qe3 49.Qd3 Qc5 50.Qe4 Qb5
51.Qe3 Qd5 52.Kf2 Qa5 53.Qd3 Qa1 54.Kg2 Qb2 55.Qe3 Qb5 56.Kf2 Qd5 57.Kg2 Qe6
58.Kh2 Qf5 59.Kg2 f6 60.Qa7+  1/2-1/2

[Event "TCh-FIN SM 2012-13"]
[Site "Tampere FIN"]
[Date "2013.02.09"]
[Round "10.1"]
[White "Kanep,M"]
[Black "Veingold,A"]
[Result "1/2-1/2"]
[WhiteElo "2503"]
[BlackElo "2470"]

1.d4 Nf6 2.c4 e6 3.Nf3 b6 4.g3 Ba6 5.b3 Bb4+ 6.Bd2 Be7 7.Bg2 c6 8.O-O d5
9.Qc2 Nbd7 10.Rd1 O-O 11.Bf4 Rc8 12.Nc3 Re8 13.e4 dxc4 14.Nd2 b5 15.bxc4 bxc4
16.Bf1 Nb6 17.a4 Bb4 18.a5 Nbd7 19.Bxc4 Bb5 20.Qb3 Bxc3 21.Qxc3 Nd5 22.Qf3 Nxf4
23.Qxf4 Nf6 24.Qe5 Ng4 25.Qf4 Nf6 26.Qe3 Re7 27.Rdc1 a6 28.Ra2 Rd7 29.Nb3 Ne8
30.Rac2 Ba4 31.Rc3 Bxb3 32.Bxb3 Rxd4 33.Rxc6 Rxc6 34.Rxc6 Rd3 35.Rc8 Qxc8
36.Qxd3  1/2-1/2

[Event "TCh-LTU 2013"]
[Site "Taujenai LTU"]
[Date "2013.02.09"]
[Round "3.1"]
[White "Grybas,G"]
[Black "Klabis,R"]
[Result "0-1"]
[WhiteElo "2003"]
[BlackElo "2150"]

1.d4 Nf6 2.Nf3 e6 3.c4 b6 4.g3 Ba6 5.b3 Bb4+ 6.Bd2 Be7 7.Bg2 c6 8.O-O O-O
9.Bc3 d5 10.Nbd2 Nbd7 11.Re1 Bb7 12.e4 dxe4 13.Nxe4 c5 14.Nxf6+ Bxf6 15.Ne5 Bxg2
16.Kxg2 Qc7 17.f4 cxd4 18.Bxd4 Rad8 19.Qf3 Nxe5 20.Bxe5 Rd2+ 21.Re2 Bxe5
22.fxe5 Qxe5 23.Rxd2 Qxa1 24.Qb7 Qe1 25.Rf2 Qa5 26.Qe7 h6 27.b4 Qa4 28.h4 Qc6+  0-1

[Event "62nd ch-BUL w SF 2013"]
[Site "Plovdiv BUL"]
[Date "2013.02.14"]
[Round "5.5"]
[White "Antova,Gabriela"]
[Black "Ivanova,Si"]
[Result "0-1"]
[WhiteElo "1700"]
[BlackElo "2004"]

1.d4 Nf6 2.c4 e6 3.Nf3 b6 4.g3 Ba6 5.Qc2 c5 6.Bg2 Nc6 7.e3 Rc8 8.Nbd2 Be7
9.O-O O-O 10.Re1 Qc7 11.dxc5 bxc5 12.e4 e5 13.Nf1 d6 14.Nh4 Nd4 15.Qc3 g6
16.Ne3 Qb6 17.b3 Bb7 18.Qd3 a5 19.Bd2 Ra8 20.Reb1 Bc6 21.Nc2 Qb7 22.Re1 Nh5
23.Bh6 Rfe8 24.Nxd4 exd4 25.Nf3 Bf6 26.Nd2 Bg7 27.Bxg7 Kxg7 28.Re2 Re7 29.Rae1 Rae8
30.f4 Nf6 31.Bf3 Nd7 32.Bg2 Qc7 33.Rf1 f6 34.Rfe1 Nb8 35.h4 Bd7 36.Bf3 Nc6
37.a3 Qc8 38.Rh2 Bg4 39.Bxg4 Qxg4 40.Kf2 h5 41.Qf3 Qxf3+ 42.Kxf3 f5 43.Rhe2 d3
44.Re3 Nd4+ 45.Kf2 Nc2 46.Rxd3 Nxe1 47.Kxe1 Re6 48.Ke2 fxe4 49.Rd5 Rb8 50.Ke3 a4
51.bxa4 Ra8 52.f5 gxf5 53.Rxf5 Rxa4  0-1

[Event "ch-ROU 2013"]
[Site "Baile Olanesti ROU"]
[Date "2013.02.18"]
[Round "4.11"]
[White "Russu,E"]
[Black "Filip,L"]
[Result "0-1"]
[WhiteElo "2198"]
[BlackElo "2464"]

1.d4 Nf6 2.c4 e6 3.Nf3 b6 4.g3 Ba6 5.b3 Bb7 6.Bg2 Bb4+ 7.Bd2 c5 8.Bxb4 cxb4
9.O-O O-O 10.a3 Na6 11.axb4 Nxb4 12.Nc3 a5 13.Re1 d5 14.Ne5 Qe7 15.cxd5 Nfxd5
16.Nxd5 Bxd5 17.Bxd5 Nxd5 18.Qd2 Rfc8 19.Rec1 h6 20.Rxc8+ Rxc8 21.Rc1 Rxc1+
22.Qxc1 Qb7 23.Qd2 Qc7 24.Nc4 a4 25.Qb2 b5 26.Nd2 Qc3 27.Qxc3 Nxc3 28.bxa4 bxa4
29.Kf1 Kf8 30.e3 Ke7 31.Nc4 Kd7 32.Ke1 Kc6 33.Na3 Nb5 34.Nc2 Kd5 35.Kd2 Kc4
36.Na1 Na3 37.g4 g6 38.h4 h5 39.f3 f6 40.gxh5 gxh5  0-1

[Event "ch-Central Serbia 2013"]
[Site "Pozarevac SRB"]
[Date "2013.02.19"]
[Round "2.2"]
[White "Ilic,Zo1"]
[Black "Pikula,D"]
[Result "0-1"]
[WhiteElo "2293"]
[BlackElo "2489"]

1.d4 Nf6 2.Nf3 e6 3.c4 b6 4.g3 Ba6 5.b3 Bb7 6.Bg2 Bb4+ 7.Bd2 a5 8.O-O O-O
9.Bf4 a4 10.bxa4 Ra7 11.Qb3 Na6 12.a3 Ba5 13.Nc3 Bxc3 14.Qxc3 Nb8 15.Ne5 Bxg2
16.Kxg2 d6 17.Nd3 Rxa4 18.Nb2 Ra6 19.a4 Nc6 20.d5 Ne7 21.Qd3 Nd7 22.e4 Nc5
23.Qc2 f5 24.Be3 Nxe4 25.dxe6 h6 26.Rae1 Qa8 27.f3 Ng5 28.Bd4 f4 29.g4 h5
30.h3 Qe8 31.h4 Nh7 32.g5 Rf5 33.Rg1 Nf8 34.Qe4 Nfg6 35.Kh3 Raa5 36.Bc3 Ra8
37.Re2 Qc8 38.Rge1 Kh7 39.Qd3 Qa6 40.Re4 Raf8 41.R4e2 Qc8 42.Qc2 Qa8 43.Qe4 Qd8
44.Nd3 Nxh4 45.Nxf4 Nhg6 46.Nxg6 Nxg6 47.Bf6 R8xf6 48.gxf6 Qxf6 49.e7 Nf4+
50.Qxf4 Rxf4 51.e8=Q Rh4+ 52.Kg2 Qg5+  0-1

[Event "ch-Central Serbia w 2013"]
[Site "Pozarevac SRB"]
[Date "2013.02.19"]
[Round "2.4"]
[White "Rakic,Te"]
[Black "Tomin,Ks"]
[Result "1/2-1/2"]
[WhiteElo "1825"]
[BlackElo "1963"]

1.d4 Nf6 2.c4 e6 3.Nf3 b6 4.g3 Ba6 5.Qc2 Bb4+ 6.Bd2 Be7 7.Bg2 Bb7 8.Nc3 c5
9.O-O cxd4 10.Nxd4 Bxg2 11.Kxg2 O-O 12.Rfd1 Qc8 13.b3 d6 14.Bc1 a6 15.Ba3 Rd8
16.Kg1 Nc6 17.Nf3 Qb7 18.Bb2 d5 19.cxd5 Nb4 20.Qb1 Nbxd5 21.Nxd5 Rxd5 22.Rxd5 Qxd5
23.Qd1 Qb5 24.Qc2 Rd8 25.Rd1 Rxd1+ 26.Qxd1 h6 27.Bxf6 Bxf6 28.Qd2 Qc6 29.Ne1 a5
30.Qc2 Qd7 31.Qd3 Qxd3 32.Nxd3 Kf8 33.Kg2 Ke7 34.Kf3 Kd6 35.e4 Bc3 36.Ke3 f5
37.f3 g5 38.g4 f4+  1/2-1/2

[Event "33rd TCh-IND 2013"]
[Site "Hyderabad IND"]
[Date "2013.02.25"]
[Round "8.4"]
[White "Manigandan,S"]
[Black "Shetty,R"]
[Result "1/2-1/2"]
[WhiteElo "2063"]
[BlackElo "2245"]

1.d4 Nf6 2.c4 e6 3.Nf3 b6 4.g3 Ba6 5.Qa4 Bb7 6.Bg2 c5 7.O-O Na6 8.Rd1 cxd4
9.Nxd4 Nc5 10.Qc2 Bxg2 11.Kxg2 Qc8 12.Bf4 a6 13.Nc3 d6 14.Bg5 Be7 15.Rac1 Qb7+
16.Kg1 Rc8 17.Bxf6 Bxf6 18.b4 Nd7 19.Qe4 Qxe4 20.Nxe4 Ke7 21.Nb3 Rc6 22.c5 dxc5
23.bxc5 Nxc5 24.Nbxc5 bxc5 25.Rxc5 Rxc5 26.Nxc5 Rd8 27.Rb1 a5 28.Rb7+ Ke8
29.Ra7 Rd2 30.Ra8+ Ke7 31.Ra7+ Ke8 32.Ra8+ Ke7  1/2-1/2

[Event "Zagreb Open A 2013"]
[Site "Zagreb CRO"]
[Date "2013.02.26"]
[Round "2.7"]
[White "Jankovic,A"]
[Black "Soldo,R"]
[Result "1-0"]
[WhiteElo "2538"]
[BlackElo "2164"]

1.d4 Nf6 2.c4 e6 3.Nf3 b6 4.g3 Ba6 5.Qc2 Bb7 6.Bg2 c5 7.d5 exd5 8.cxd5 Nxd5
9.O-O Be7 10.Qe4 Bc6 11.Ne5 Nf6 12.Nxc6 Nxc6 13.Qa4 O-O 14.Nc3 Qc8 15.Rd1 a6
16.Bf4 b5 17.Qc2 Rd8 18.Bd6 Ra7 19.Ne4 Nxe4 20.Bxe4 Bxd6 21.Rxd6 Nd4 22.Bxh7+ Kf8
23.Qd3 Re8 24.Be4 Qb8 25.Rd5 Re5 26.e3 Ne6 27.Bg2 Rxd5 28.Qxd5 c4 29.a4 bxa4
30.Rxa4 Qxb2 31.Be4 g6 32.Rxc4 Kg7 33.h4 Qf6 34.Qd6 Qd8  1-0

[Event "Zagreb Open A 2013"]
[Site "Zagreb CRO"]
[Date "2013.02.26"]
[Round "2.2"]
[White "Bozinovic,Bog"]
[Black "Postny,E"]
[Result "0-1"]
[WhiteElo "2186"]
[BlackElo "2622"]

1.d4 Nf6 2.c4 e6 3.Nf3 b6 4.g3 Ba6 5.Qc2 c5 6.d5 exd5 7.cxd5 Bb7 8.Bg2 Nxd5
9.O-O Be7 10.Rd1 Qc8 11.a3 Nc7 12.Nc3 O-O 13.Bf4 Nc6 14.Bxc7 Qxc7 15.Nb5 Qd8
16.Ne5 Nxe5 17.Bxb7 Rb8 18.Be4 a6 19.Nc3 g6 20.Qa4 Qc8 21.Nd5 Bd8 22.Rac1 d6
23.Qc2 b5 24.Ne3 Be7 25.Nd5 Qe6 26.Nc7 Qd7 27.Nd5 Rbe8 28.Bg2 Bd8 29.Qc3 Qg4
30.Rc2 Nc4 31.Bf3 Qf5 32.Bg2 Qe5 33.Qb3 Qg7 34.a4 Na5 35.Qd3 c4 36.Qa3 Qe5
37.axb5 axb5 38.Qb4 Nc6 39.Qd2 Ba5 40.Qh6 Nd4 41.f4 Qh8 42.b4 Nxc2 43.bxa5 Ne3
44.Nxe3 Rxe3 45.a6 Ra3 46.Bb7 c3 47.Rxd6 c2 48.Rc6 Rc3  0-1

[Event "TCh-ISL 2012-13"]
[Site "Reykjavik ISL"]
[Date "2013.03.02"]
[Round "7.6"]
[White "Salama,O"]
[Black "Arnason,J"]
[Result "1/2-1/2"]
[WhiteElo "2278"]
[BlackElo "2498"]

1.d4 Nf6 2.c4 e6 3.Nf3 b6 4.g3 Ba6 5.b3 Bb7 6.Bg2 Bb4+ 7.Bd2 a5 8.O-O O-O
9.Bc3 d5 10.Ne5 c5 11.a3 Bxc3 12.Nxc3 Nc6 13.Nxc6 Bxc6 14.Rc1 Rc8 15.cxd5 exd5
16.Qd2 Qd6 17.dxc5 bxc5 18.Ne4 Nxe4 19.Bxe4 Rb8 20.Rfd1 Rxb3 21.Bxd5 Qxd5  1/2-1/2

[Event "3rd Ferdynand Dziedzica Mem"]
[Site "Trzcianka POL"]
[Date "2013.03.03"]
[Round "8.3"]
[White "Klim,K"]
[Black "Kovalenko,I"]
[Result "0-1"]
[WhiteElo "2379"]
[BlackElo "2596"]

1.d4 Nf6 2.c4 e6 3.Nf3 b6 4.g3 Ba6 5.Nbd2 Bb4 6.Qc2 c5 7.Bg2 Bb7 8.O-O cxd4
9.Nxd4 Bxg2 10.Kxg2 O-O 11.N2f3 Nc6 12.Nxc6 dxc6 13.Qa4 Qe7 14.Qxc6 Rfc8
15.Qa4 h6 16.Bd2 a5 17.a3 Bxd2 18.Nxd2 Qb7+ 19.Nf3 Qe4 20.Rac1 Qxe2 21.Qc2 Qxc2
22.Rxc2 a4 23.Rd1 Rc5 24.Ne1 Rac8 25.Rdc1 Rd8 26.f3 g5 27.Kf2 g4 28.Ke3 Re5+
29.Kf2 Rf5 30.Ke2 h5 31.f4 e5 32.Ng2 Re8 33.Kd1 exf4 34.Nxf4 h4 35.c5 Rd8+
36.Ke2 Re5+ 37.Kf1 bxc5 38.Rxc5 Rxc5 39.Rxc5 h3 40.Rc4 Rd1+ 41.Kf2 Rh1 42.Rxa4 Rxh2+
43.Ke3 Rxb2 44.Rc4 Rb3+ 45.Nd3 Rxa3 46.Rc1 Nh5 47.Rd1 h2 48.Kf2 Rxd3  0-1

[Event "86th ch-St Petersburg"]
[Site "St Petersburg RUS"]
[Date "2013.03.12"]
[Round "2.3"]
[White "Bazeev,G"]
[Black "Alekseenko,K"]
[Result "0-1"]
[WhiteElo "2339"]
[BlackElo "2447"]

1.Nf3 Nf6 2.c4 e6 3.g3 b6 4.d4 Ba6 5.Qc2 Bb7 6.Bg2 c5 7.d5 exd5 8.cxd5 Nxd5
9.O-O Nc7 10.Nc3 Be7 11.Rd1 Nc6 12.Ne5 Qc8 13.Qf5 Nxe5 14.Qxe5 Ne6 15.Nd5 Bd8
16.f4 O-O 17.f5 f6 18.Qe4 Kh8 19.Qg4 Ng5 20.Qh5 Nf7 21.g4 Kg8 22.Bf4 Re8
23.Rd2 c4 24.h4 d6 25.Rf1 h6 26.Bg3 Qd7 27.g5 hxg5 28.hxg5 Nxg5 29.Rd4 Qf7
30.Qg4 b5 31.Bf4 Ne4 32.Rfd1 Bxd5 33.Rxd5 Bb6+ 34.e3 Rad8 35.Bh6 Kf8 36.Bf4 Kg8
37.Bf3 c3 38.bxc3 Nxc3 39.R1d3 Ne4 40.Kg2 Qc7 41.Bh6 Kf8 42.Bxe4 gxh6 43.Kf3 Qc1
44.Qh3 Ke7 45.Kf4 Rg8 46.Qxh6 Qg1 47.Bf3 Qg3+ 48.Ke4 Rh8  0-1

[Event "86th ch-St Petersburg"]
[Site "St Petersburg RUS"]
[Date "2013.03.13"]
[Round "3.2"]
[White "Goganov,A"]
[Black "Levin,Ev"]
[Result "0-1"]
[WhiteElo "2556"]
[BlackElo "2508"]

1.d4 Nf6 2.c4 e6 3.Nf3 b6 4.g3 Ba6 5.b3 Bb4+ 6.Bd2 Be7 7.Bg2 O-O 8.O-O d5
9.cxd5 exd5 10.Nc3 Bb7 11.Bf4 Na6 12.Ne5 Qc8 13.a3 Rd8 14.b4 c5 15.bxc5 bxc5
16.Rb1 cxd4 17.Nb5 Ne4 18.Qxd4 Nac5 19.Rfc1 a6 20.Nc3 Ne6 21.Qd3 N6c5 22.Qe3 d4
23.Qxe4 Bxe4 24.Nxe4 Qf5 25.Nxc5 Bxc5 26.Bxa8 Rxa8 27.Rb7 Bd6 28.Rxf7 Qe4
29.Nf3 h6 30.Rxg7+ Kxg7 31.Bxd6 d3 32.Rc7+ Kg8 33.Nd2 dxe2 34.Nxe4 e1=Q+
35.Kg2 Qxe4+ 36.Kg1  0-1

[Event "TCh-CZE Extraliga 2012-13"]
[Site "Czech Republic CZE"]
[Date "2013.03.23"]
[Round "7.6"]
[White "Stachowiak,K"]
[Black "Cvek,R"]
[Result "0-1"]
[WhiteElo "2432"]
[BlackElo "2541"]

1.d4 Nf6 2.c4 e6 3.Nf3 b6 4.g3 Ba6 5.Qa4 Be7 6.Bg2 O-O 7.O-O c6 8.Nc3 d5
9.cxd5 cxd5 10.Bf4 Qd7 11.Qc2 Qb7 12.Rfc1 Nc6 13.Qd1 Rac8 14.Ne5 Rfd8 15.h3 h6
16.g4 Nxe5 17.Bxe5 Qd7 18.Qd2 Ne8 19.e3 Nd6 20.Bxd6 Bxd6 21.a3 Bc4 22.Bf1 b5
23.Qd1 Qb7 24.Bg2 b4 25.axb4 Qxb4 26.Rcb1 Bb3 27.Qd2 a5 28.f4 Qb6 29.Bf1 Bb4
30.Rc1 Bc4 31.Bg2 Bb3 32.Bf1 Bc4 33.Bg2 Rb8 34.Qd1 Bxc3 35.bxc3 Qc7 36.Qa4 Rb5
37.Bf3 Rdb8 38.Kf2 g5 39.Kg3 f6 40.Qc2 Kg7 41.Rcb1 e5 42.dxe5 fxe5 43.Rxb5 exf4+
44.exf4 Qxf4+ 45.Kg2 Rxb5 46.Re1 Qb8 47.Re7+ Kf6 48.Qh7 Rb2+ 49.Be2 Rxe2+
50.Rxe2 Bxe2 51.Qxh6+ Kf7 52.Qh7+ Ke6 53.Qf5+ Kd6 54.Qf6+ Kc5 55.Qe7+ Qd6
56.Qxe2 Qf4 57.Qb2 a4 58.Qa3+ Kb5 59.Qb2+ Kc4 60.Qa2+ Kxc3 61.Qa3+ Kc2 62.Qa2+ Kd1
63.Qa1+ Ke2 64.Qb2+ Qd2 65.Qb5+ Ke3+ 66.Kg1 Qe1+  0-1

[Event "3rd HD Bank Cup 2013"]
[Site "Ho Chi Minh City VIE"]
[Date "2013.03.23"]
[Round "7.36"]
[White "Nguyen,Duc Viet"]
[Black "Bao Khoa"]
[Result "1/2-1/2"]
[WhiteElo "2075"]
[BlackElo "2282"]

1.d4 Nf6 2.Nf3 e6 3.c4 b6 4.g3 Ba6 5.b3 Bb4+ 6.Bd2 Be7 7.Bg2 O-O 8.O-O Bb7
9.Nc3 Ne4 10.Be1 f5 11.Qc2 Nxc3 12.Bxc3 Be4 13.Qd2 Bf6 14.Rad1 d6 15.Ne1 Bxg2
16.Nxg2 Nd7 17.Qd3 Bg5 18.f4 Bf6 19.e4 g6 20.e5 Bg7 21.exd6 cxd6 22.Rfe1 Re8
23.Qf3 Nf6 24.d5 e5 25.fxe5 Ne4 26.Nf4 Bxe5 27.Ne6 Ng5 28.Qd3 Nxe6 29.dxe6 Qf6
30.Bxe5 dxe5 31.Qd5 Rad8 32.Qc6 Rc8 33.Qb7 f4 34.Rd7 fxg3 35.Rf7 Qh4 36.hxg3 Qxg3+
37.Kf1 Qh3+ 38.Ke2 e4 39.Rd1 Qh5+ 40.Ke3 Qg5+ 41.Ke2 Qh5+ 42.Ke3 Qh6+ 43.Ke2 Qh2+
44.Ke3 Qh3+ 45.Ke2  1/2-1/2

[Event "6th Guzinskiego Mem"]
[Site "Lazy POL"]
[Date "2013.03.28"]
[Round "5.7"]
[White "Wacior,Maciej"]
[Black "Karwowski,K"]
[Result "1-0"]
[WhiteElo "1703"]
[BlackElo "1965"]

1.d4 Nf6 2.Nf3 e6 3.c4 b6 4.g3 Ba6 5.Nbd2 d5 6.Bg2 Bd6 7.cxd5 exd5 8.O-O O-O
9.Re1 Re8 10.b3 Qe7 11.e3 Nbd7 12.Bb2 Rac8 13.Rc1 Ne4 14.Nxe4 dxe4 15.Nd2 f5
16.Nc4 Bxc4 17.bxc4 c5 18.dxc5 Nxc5 19.Qd5+ Kh8 20.Red1 Nd3 21.Rc2 Rc5 22.Rxd3 exd3
23.Qxd3 Ra5 24.Bd5 Rf8 25.Bc3 Ra3 26.Qd4 Bc5 27.Qd2 Rd8 28.Bb2 Rxe3 29.Kf1 Re4
30.h4 h6 31.Qxh6+  1-0

[Event "6th Guzinskiego Mem"]
[Site "Lazy POL"]
[Date "2013.03.28"]
[Round "8.6"]
[White "Kowalski,Maciej"]
[Black "Szmidt,P"]
[Result "1-0"]
[WhiteElo "1882"]
[BlackElo "1904"]

1.d4 Nf6 2.c4 e6 3.Nf3 b6 4.g3 Ba6 5.Qc2 Bb4+ 6.Bd2 Qe7 7.Bg2 Bb7 8.O-O Bxd2
9.Nbxd2 d5 10.Rac1 c6 11.Ne5 Nfd7 12.Nxd7 Nxd7 13.e4 dxe4 14.Nxe4 O-O 15.c5 Nf6
16.Nd6 Nd5 17.Rfe1 Rfd8 18.Re5 h6 19.Rce1 Qc7 20.Qe2 bxc5 21.dxc5 a5 22.Rxe6 fxe6
23.Qxe6+ Kf8 24.Bxd5 cxd5 25.Re5 g6 26.Qf6+ Kg8 27.Re7  1-0

[Event "ch-WLS 2013"]
[Site "Cardiff WLS"]
[Date "2013.03.29"]
[Round "1.5"]
[White "Sands,D"]
[Black "Downey,K GCI"]
[Result "1-0"]
[WhiteElo "2235"]
[BlackElo "1941"]

1.d4 Nf6 2.c4 e6 3.Nf3 b6 4.g3 Ba6 5.Qa4 Bb7 6.Bg2 c5 7.dxc5 Bxc5 8.Nc3 O-O
9.O-O a6 10.Bf4 Be7 11.Rfd1 Ra7 12.Rac1 Nc6 13.Qc2 Qc8 14.Qb1 Ba8 15.Na4 Bd8
16.Bd6 Re8 17.Nc3 Bc7 18.b3 Qb8 19.Bxc7 Rxc7 20.Ng5 h6 21.Nge4 Nxe4 22.Nxe4 Ne7
23.Nd6 Rf8 24.Bxa8 Qxa8 25.Qd3 Qb8 26.Kg2 Nc8 27.Ne4 Rd8 28.Nc3 Ne7 29.e4 Qb7
30.Qf3 Ng6 31.Qd3 Rdc8 32.a4 Nf8 33.f3 Rb8 34.Rd2 Rbc8 35.Rcd1 Rb8 36.Qd4 Rd8
37.Kg1 Rc5 38.Qe3 Rc7 39.Rd6 Rc6 40.R6d2 Rc7 41.f4 Rc5 42.e5 Qc7 43.Ne4 Rc6
44.Nd6 Rb8 45.g4 Rd8 46.Kg2 Qb8 47.h4 Rc5 48.Kh3 Qa8 49.Qe4 Qxe4 50.Nxe4 Rc6
51.Rd4 a5 52.h5 Rb8 53.Kg3 Rc7 54.Rd6 Rbb7 55.Kf3 Rb8 56.Ke3 Rbb7 57.Kd4 Rb8
58.Kd3 Rbb7 59.Rb1 Rc8 60.b4 Ra8 61.Kc3 Rba7 62.Kb3 axb4 63.Ra1 Rb8 64.Kxb4 Raa8
65.Rb1 Ra7 66.Ka3 Rab7 67.Rb4 g6 68.Rb3 Kg7 69.Rbd3 Ra8 70.Kb4 Rba7 71.Ra3 Rb7
72.Nf6 Ra5 73.Rxb6 Rxa4+ 74.Rxa4 Rxb6+ 75.Kc5 Rc6+ 76.Kb5 Rc8 77.Ne4 Rb8+
78.Kc5 Rb1 79.Nf6 Rf1 80.Kd6 Rxf4 81.Ke7 Nh7 82.Ne8+ Kg8 83.Ra8  1-0

[Event "Pobeskydi Open 2013"]
[Site "Frydek-Mistek CZE"]
[Date "2013.03.29"]
[Round "4"]
[White "Horak,Ji1"]
[Black "Dobes,V"]
[Result "1/2-1/2"]
[WhiteElo "2205"]
[BlackElo "2035"]

1.d4 Nf6 2.Nf3 e6 3.c4 b6 4.g3 Ba6 5.Qc2 c5 6.Bg2 Bb7 7.O-O Nc6 8.d5 exd5
9.cxd5 Nb4 10.Qd1 Bxd5 11.a3 Nc6 12.Nc3 Be6 13.e4 d6 14.Ng5 Qd7 15.f4 Rd8
16.Re1 Be7 17.Nxe6 fxe6 18.Bh3 O-O 19.Be3 Kh8 20.Qa4 Nd4 21.Qd1 Qc6 22.Bxd4 cxd4
23.Qxd4 e5 24.Qd2 exf4 25.gxf4 Nh5 26.Nd5 Qc5+ 27.Kh1 Bh4 28.Re2 Nf6 29.Nxf6 Bxf6
30.Rc1 Qd4 31.Qxd4 Bxd4 32.Rd1 Bf6 33.e5 dxe5 34.Rxd8 Rxd8 35.fxe5 Re8 36.e6 Kg8
37.Bf5 g6 38.Bd3 Kg7 39.Bb5 Re7 40.Bd7 a5 41.Rd2 Be5 42.b3 g5 43.h3 Kf6 44.Kg2 h5
45.Kf3 Rg7 46.Ke4 Bf4 47.Rf2 Ke7 48.Kf5 Bd6 49.Rg2 g4 50.hxg4 hxg4 51.Ke4  1/2-1/2

[Event "e2e4 Dublin Masters"]
[Site "Dublin IRL"]
[Date "2013.03.30"]
[Round "4"]
[White "Mihajlov,Seb"]
[Black "McPhillips,Joseph"]
[Result "0-1"]
[WhiteElo "2063"]
[BlackElo "2161"]

1.d4 e6 2.c4 Nf6 3.Nf3 b6 4.g3 Ba6 5.b3 Bb7 6.Bg2 Bb4+ 7.Bd2 a5 8.a3 Be7
9.O-O O-O 10.Nc3 Ne4 11.Qc2 Nxd2 12.Qxd2 f5 13.d5 Bf6 14.Nd4 Qe8 15.Ndb5 Na6
16.dxe6 Bxg2 17.exd7 Qd8 18.Kxg2 c6 19.Nd6 Qxd7 20.Rfd1 Rad8 21.Qe3 Qc7 22.Qe6+ Kh8
23.b4 Bxc3 24.Nf7+ Rxf7 25.Qxf7 Qxf7 26.Rxd8+ Qg8 27.Rxg8+ Kxg8 28.Rc1 axb4
29.axb4 Bxb4 30.Ra1 Ba5 31.Kf3 Kf7 32.g4 fxg4+ 33.Kxg4 Ke6 34.f4 Nc5 35.Kf3 Nb3
36.Ra4 Kd6 37.Ke3 Bd2+ 38.Kf2 Ba5 39.Ke3 g6 40.Ra3 Nc5 41.Kf3 Ne6 42.e4 Kc5
43.Ra4 Kd4 44.e5 Bd2 45.Ra6 Kc5 46.Ra7 Bxf4 47.Re7 Bxe5 48.Rxe6 Bxh2 49.Kg4 Bd6
50.Kg5 Bf8 51.Re8 Bg7 52.Re4 Bd4 53.Re6 Bg7 54.Re4 Bd4 55.Re6 Bc3 56.Kh6 b5
57.cxb5 cxb5 58.Kxh7 g5 59.Kg6 Bd2 60.Re2 Bf4 61.Kf5 Kc4 62.Ke4 Kc3 63.Rf2 b4
64.Rf3+ Kc2 65.Rf2+ Bd2 66.Rf8 b3 67.Rc8+ Bc3 68.Kf5 b2 69.Rb8 Bd2 70.Rc8+ Kb1
71.Rb8 Kc2 72.Rc8+ Kb3 73.Rb8+ Bb4  0-1